Cấu tạo chất (Luyện tập)

Αποθηκεύτηκε σε:
Λεπτομέρειες βιβλιογραφικής εγγραφής
Κύριος συγγραφέας: Nguyễn Hữu Thông
Μορφή: Βιβλίο
Γλώσσα:Undetermined
Έκδοση: H. ĐHSP 1996
Θέματα:
Ετικέτες: Προσθήκη ετικέτας
Δεν υπάρχουν, Καταχωρήστε ετικέτα πρώτοι!
Thư viện lưu trữ: Trung tâm Học liệu Trường Đại học Cần Thơ
LEADER 00528nam a2200181Ia 4500
001 CTU_55646
008 210402s9999 xx 000 0 und d
020 |b 18700 
082 |a 541.28 
082 |b Th455 
100 |a Nguyễn Hữu Thông 
245 0 |a Cấu tạo chất (Luyện tập) 
245 0 |c Nguyễn Hữu Thông 
260 |a H. 
260 |b ĐHSP 
260 |c 1996 
650 |a chemistry, physical and theoretical,quantum chemistry 
980 |a Trung tâm Học liệu Trường Đại học Cần Thơ